000 00751nam a2200265Ia 4500
003 OSt
005 20220918184046.0
006 a|||||r|||| 00| 0
007 ta
008 220917b |||||||| |||| 00| 0 eng d
024 _a44,076
037 _cTextual
040 _aARTS
_cARTS
_beng
041 _2eng
_aeng
082 _aO1591,1M55w, 111M3 (MILSC)
100 _aMahapatra Sitakant
_964357
245 0 _aBhima Bhoi
260 _aNew Delhi
_bSahitya Akademi
_c1983
300 _a80p.
_ccm.
490 _aMakers of Indian literature
500 _aBib 73-75p; Glossary 77-78p
650 _aENGLISH LITERATURE
942 _hO1591,1M55w, 111M3 (MILSC)
_cTEXL
_2CC
999 _c174915
_d174915